| 000 | 00805cas a22002295a 4500 | ||
|---|---|---|---|
| 001 | ##L99061 | ||
| 008 | 070626c1992 xxkmr p 0 a0eng | ||
| 022 | 1 | _a0968-0713 | |
| 035 | _a(Sirsi) u99061 | ||
| 041 | 0 | _aeng | |
| 110 | 2 |
_aHouse Builders Federation _92233 |
|
| 245 | 0 | 0 | _aHousing Market Report |
| 260 |
_aTunbridge Wells _bHousebuilder Publications _c1992- |
||
| 510 | 2 |
_aKnowledge Alert _c2006- |
|
| 520 | _aKept for five years | ||
| 554 | _a12 per year | ||
| 651 | 4 |
_aEngland and Wales _y1543- |
|
| 690 | _aPROPERTY-RESIDENTIAL PROPERTY-RESIDENTIAL PROPERTY MARKET | ||
| 856 | 4 | 1 |
_uhttps://www.nhbc.co.uk/Builders/ProductsandServices/InformationProducts/HousingMarketReport/?pending _zView further details of Housing Market Report at www.nhbc.co.uk |
| 942 | _n0 | ||
| 948 | _c04/11/1996 | ||
| 999 |
_c118636 _d118636 |
||